Finish the Descendants lyric - Statistics

General Stats
  • This quiz has been taken 403 times
  • The average score is 7 of 15
Answer Stats
Hint Answer % Correct
Rotten to the ____ core
97%
Day and night, wrong or _____ right
85%
Call me a schemer, call me a _____ freak
79%
Crashing the party, guess they ____ __ __________ lost my invitation
68%
We want the wand or else the ____ __ ____ king is gone
65%
You can find me in the _____ _______ space between
59%
I will be the ruler of the dark and the ___ bad
55%
Enemies seasick, cant ___ ________ see straight
36%
These streets named after us 'cause we _____ ___ ___ paved the way
35%
How to win this battle could be ______ tricky
35%
You got me down __ __ _____ on my knees
34%
All it takes is one swing and ___ _________ ___ I'll humiliate him
33%
You look like you would loose a fight to an _____ ___ alley cat
31%
With us evil _____ __ lives on
20%
Kings and queens its ___ ____ __ ____ our time to rise
11%
No matching quizzes found
Score Distribution
Percent of People with Each Score
Percentile by Number Answered
Your Score History
You have not taken this quiz